| 000 | 00368nam a2200133Ia 4500 | ||
|---|---|---|---|
| 008 | 231221s9999 xx 000 0 und d | ||
| 020 | _a978-0-387-31173-9 | ||
| 041 | _aEnglish | ||
| 100 | _aK. Agha, I. Guérin Lassous, G. Pujolle | ||
| 245 | 0 | _aChallenges in Ad Hoc Networking | |
| 260 |
_c2006 _bSpringer US _aNew York |
||
| 650 | _aComputer Science | ||
| 942 | _cEB | ||
| 999 |
_c218116 _d218116 |
||